000 00440nam a22001817a 4500
003 MPLRDC
005 20220104114123.0
008 210129b ||||| |||| 00| 0 eng d
020 _a7-5363-0149-9
082 _a782.886 LXQ-2 c.2
100 _a楠林
245 _a刘晓庆别传
_c
250 _a一版二刷
260 _a
_b广西民族出版社
_c1987
300 _b
650 _a刘晓庆传记
942 _cBK
_o782.886 LXQ-2 c.2
999 _c4970
_d4960